000 00191nam a2200085Ia 4500
008 240331s9999 xx 000 0 und d
100 _aDe Silva,A
245 4 _aThe unpredictable blood
942 _cL
999 _c3351
_d3351